Diseño de dos experimentos para el curso laboratorio eléctrico II
Kaydedildi:
| Yazar: | |
|---|---|
| Diğer Yazarlar: | |
| Materyal Türü: | Kitap |
| Baskı/Yayın Bilgisi: |
[San José , Costa Rica]
1973
|
| Etiketler: |
Etiketle
Etiket eklenmemiş, İlk siz ekleyin!
|
MARC
| LEADER | 00000nam a2200000Ia 4500 | ||
|---|---|---|---|
| 003 | PIE012 | ||
| 005 | 20231108132859.0 | ||
| 008 | 140116s1973 c a m 000 ||s d | ||
| 040 | |c cru CEDI | ||
| 090 | |a PIE 12 | ||
| 100 | |a Arce Ulloa, Jorge |9 18289 | ||
| 245 | |a Diseño de dos experimentos para el curso laboratorio eléctrico II | ||
| 260 | |a [San José , Costa Rica] |c 1973 | ||
| 300 | |a 49 hojas ;ilustraciones | ||
| 500 | |a A la cabeza de la portada. Universidad de Costa Rica. Facultad de Ingeniería. Escuela de Ingeniería Eléctrica. Escuela de Ingeniería Mecánica e Industrial. Proyecto Eléctrico IE-410. | ||
| 501 | |a Profesor Guía: Roger Lorenzo B | ||
| 700 | |a Lorenzo B., Roger |d Director de Proyecto Eléctrico |9 1746 | ||
| 942 | |c PIE |h PIE-12 |i PIE012 |6 PIE_12_PIE012 | ||
| 999 | |c 13396 |d 13396 | ||
